Paleografía popular : (Registro nro. 4880)

000 -CABECERA
campo de control de longitud fija 00559nam a22001457a 4500
005 - FECHA Y HORA DE LA ÚLTIMA TRANSACCIÓN
campo de control 20260630170905.0
008 - DATOS DE LONGITUD FIJA--INFORMACIÓN GENERAL
campo de control de longitud fija 260630b ||||| |||| 00| 0 eng d
040 ## - FUENTE DE LA CATALOGACIÓN
Centro/agencia transcriptor ENA
100 ## - ENTRADA PRINCIPAL--NOMBRE DE PERSONA
9 (RLIN) 6364
Nombre de persona Muñoz y Rivero, Jesús
245 ## - MENCIÓN DE TÍTULO
Título Paleografía popular :
Resto del título arte de leer los documentos antiguos escritos en castellano /
Mención de responsabilidad, etc. por D. Jesús Muñoz y Rivero
Medio [Recurso electrónico]
260 ## - PUBLICACIÓN, DISTRIBUCIÓN, ETC.
Lugar de publicación, distribución, etc. Madrid:
Nombre del editor, distribuidor, etc. Librería de la viuda de Hernando y C.,
Fecha de publicación, distribución, etc. 1886
300 ## - DESCRIPCIÓN FÍSICA
Extensión 268 p.
856 ## - LOCALIZACIÓN Y ACCESO ELECTRÓNICOS
Identificador Uniforme del Recurso https://archive.org/details/paleografiapopul00muno/page/n7/mode/2up
942 ## - ELEMENTOS DE PUNTO DE ACCESO ADICIONAL (KOHA)
Tipo de ítem Koha Recursos electrónicos

No hay ítems disponibles.

Escuela Nacional de Archivística
Biblioteca ENA
Copyright©2019. Todos los derechos reservados.
Contáctanos

Con tecnología Koha